000 00762nam a22002657a 4500
001 BR9903261
003 BR-BrBNA
005 20230928100417.0
007 ta
008 230509b bl.||||| |||| 00| 0 por d
040 _aBR-BrBNA
_bpor
_cBiblioteca Nacional de Agricultura
041 _a(Por)
072 _aH10
_b4030
090 _ 4030 BR9903261
110 1 _aFundo Paulista de Defesa da Citricultura, Araraquara, SP (Brasil)
_95212
245 1 _aManual de acaros leprose e ferrugem; o que fazer para manter o seu pomar sadio
260 3 _aAraraquara, SP (Brasil):
_c[nd].
300 _a11 p.
500 _a11 illus.
650 _aAcaro
650 _aPraga de Planta
650 _aProfilaxia
909 _a202309
_bLucia
_c55
_dLucia Elande
942 _cBK
999 _c61221
_d61221